BIBLIOTECA

SENCICO

Norma y forma (Registro nro. 2086)

Detalles MARC
000 -LEADER
fixed length control field 00631nam a2200193Ia 4500
005 - DATE AND TIME OF LATEST TRANSACTION
control field 20251020182531.0
008 - FIXED-LENGTH DATA ELEMENTS--GENERAL INFORMATION
fixed length control field 200515s9999 xx 000 0 und d
082 ## - DEWEY DECIMAL CLASSIFICATION NUMBER
Classification number 7.030/G68
100 ## - MAIN ENTRY--PERSONAL NAME
Personal name GOMBRICH, E. H.
245 #0 - TITLE STATEMENT
Title Norma y forma
260 ## - PUBLICATION, DISTRIBUTION, ETC.
Place of publication, distribution, etc. Madrid
260 ## - PUBLICATION, DISTRIBUTION, ETC.
Date of publication, distribution, etc. 1985
500 ## - GENERAL NOTE
General note el Renacimiento y la Edad de Oro
520 ## - SUMMARY, ETC.
Summary, etc. Arte del renacimiento, analizan un amplio espectro de cuestiones relacionadas entre sí por su pertenecía a un mismo ámbito cultural: la concepción renacentista del progreso artístico y sus consecuencias
650 ## - SUBJECT ADDED ENTRY--TOPICAL TERM
Topical term or geographic name entry element ARTE
650 ## - SUBJECT ADDED ENTRY--TOPICAL TERM
Topical term or geographic name entry element LIB
650 ## - SUBJECT ADDED ENTRY--TOPICAL TERM
Topical term or geographic name entry element RENACIMIENTO
942 ## - ADDED ENTRY ELEMENTS (KOHA)
Koha item type Libros
Existencias
Fecha de la última vez que lo usaron Pago total Signatura topográfica completa Código de barras Precio efectivo desde Tipo de documento Estado perdido Estado dañado No es para préstamo Retirado Ubicación permanente Ubicación actual Fecha de adquisición
15/05/2020   7.030/G68 Bib-Lima15052086 15/05/2020 Libros         Biblioteca Central Lima Biblioteca Central Lima 15/05/2020